000 02430cam a2200277zu 4500
001 88921418
003 FRCYB88921418
005 20251020125410.0
006 m o d
007 cr un
008 251020s2015 fr | o|||||0|0|||fre d
020 _a9782200600709
035 _aFRCYB88921418
040 _aFR-PaCSA
_bfr
_c
_erda
100 1 _aMispelblom Beyer, Frederik
245 0 1 _aEncadrer, un métier impossible ?
_c['Mispelblom Beyer, Frederik']
264 1 _bArmand Colin
_c2015
300 _a p.
336 _btxt
_2rdacontent
337 _bc
_2rdamdedia
338 _bc
_2rdacarrier
650 0 _a
700 0 _aMispelblom Beyer, Frederik
856 4 0 _2Cyberlibris
_uhttps://international.scholarvox.com/netsen/book/88921418
_qtext/html
_a
520 _aEncadrer, un métier impossible ? prend le contre-pied des méthodes de management, des « bonnes pratiques » et des référentiels de compétences, en explorant les « dessous » d'une activité en somme relativement triviale, qui consiste à encadrer le travail d'autrui. Il l'aborde à partir de sept « secrets », dont certains de Polichinelle, qui entrelacent le cœur de l'activité formé par l'autorité et le pouvoir. Depuis bientôt dix ans, cette approche sert d'alternative à des cadres de l'entreprise, mais aussi du secteur social, de la santé, des collectivités territoriales, d'organisations publiques et privées. Elle témoigne des résistances d'un encadrement humaniste et citoyen, qui s'appuie notamment sur les sciences sociales et humaines pour voir plus clair et autrement dans son activité. Elle invite à une réflexion créative pour penser ses propres stratégies d'encadrement. « Un livre très instructif et optimiste, opposé à toute idéologie “ managériale. ” » Revue de la Défense Nationale « Un métier en définitive harassant, stressant, qui se pratique avec plus ou moins de succès. Constat résigné ? Non, lucide. » Les Échos « Au-delà des recettes, l'auteur tente de mettre en lumière la manière dont les choses se passent sur le terrain, c'est-à-dire rarement comme la direction l'imagine. » Entreprises et Carrières « Foncez à la conclusion où, en quatorze pages serrées comme un bon whisky, l'auteur ramasse son affaire. » Offres courrier cadres La 1re édition a été nominée pour le Prix Le Monde-Sciences Po, et le Prix des Nuages Blancs, en 2007.
999 _c1558183
_d1558183